Reinventing your life : (Record no. 126970)
[ view plain ]
| 000 -LEADER | |
|---|---|
| campo de control de longitud fija | 02051 a2200253 4500 |
| 003 - IDENTIFICADOR DE NÚMERO DE CONTROL | |
| campo de control | BJBSDDR |
| 005 - FECHA Y HORA DE LA ÚLTIMA TRANSACCIÓN | |
| campo de control | 20260430121652.0 |
| 007 - CAMPO FIJO DE DESCRIPCIÓN FÍSICA--INFORMACIÓN GENERAL | |
| campo de control de longitud fija | ta |
| 008 - DATOS DE LONGITUD FIJA--INFORMACIÓN GENERAL | |
| campo de control de longitud fija | 260430t1994 nyu 00| 0 eng d |
| 020 ## - NÚMERO INTERNACIONAL ESTÁNDAR DEL LIBRO | |
| Número Internacional Estándar del Libro | 9780452272040 |
| 040 ## - FUENTE DE CATALOGACIÓN | |
| Lengua de catalogación | eng |
| Centro/agencia transcriptor | BJBSDDR |
| 041 ## - CÓDIGO DE IDIOMA | |
| Código de lengua del texto/banda sonora o título independiente | eng |
| 050 ## - SIGNATURA TOPOGRÁFICA DE LA BIBLIOTECA DEL CONGRESO | |
| Número de ítem | Y73r 1994 |
| 100 1# - ENTRADA PRINCIPAL--NOMBRE DE PERSONA | |
| Nombre de persona | Young, Jeffrey E., |
| Fechas asociadas al nombre | 1950- |
| 9 (RLIN) | 48229 |
| 245 1# - MENCIÓN DEL TÍTULO | |
| Título | Reinventing your life : |
| Resto del título | the breakthrough program to end negative behavior ... and feel great again / |
| Mención de responsabilidad, etc. | Jeffrey E. Young, Janet S. Klosko. |
| 260 ## - PUBLICACIÓN, DISTRIBUCIÓN, ETC. | |
| Lugar de publicación, distribución, etc. | New York : |
| Nombre del editor, distribuidor, etc. | Plume, |
| Fecha de publicación, distribución, etc. | 1994. |
| 300 ## - DESCRIPCIÓN FÍSICA | |
| Extensión | 365 page ; |
| Dimensiones | 21 cm. |
| 500 ## - NOTA GENERAL | |
| Nota general | Originally published: New York, N.Y., U.S.A. : Dutton, 1993<br/> |
| 505 ## - NOTA DE CONTENIDO CON FORMATO | |
| Nota de contenido con formato | Machine derived contents note: Reinventing Your Life Foreword by Aaron Beck, M.D<br/>Preface<br/>1. Lifetraps<br/>2. Which Lifetraps Do You Have?<br/>3. Understanding Lifetraps<br/>4. Surrender, Escape, and Counterattack<br/>5. How Lifetraps Change<br/>6. "Please Don't Leave Me!": The Abandonment Lifetrap<br/>7. "I Can't Trust You": The Mistrust and Abuse Lifetrap<br/>8. "I'll Never Get the Love I Need": The Emotional Deprivation Lifetrap<br/>9. "I Don't Fit In": The Social Exclusion Lifetrap<br/>10. "I Can't Make It on My Own": The Dependence Lifetrap<br/>11. "Catastrophe Is About to Strike": The Vulnerability Lifetrap<br/>12. "I'm Worthless": The Defectiveness Lifetrap<br/>13. "I Feel Like Such a Failure": The Failure Lifetrap<br/>14. "I Always Do It Your Way!": The Subjugation Lifetrap<br/>15. "It's Never Quite Good Enough": The Unrelenting Standards Lifetrap<br/>16. "I Can Have Whatever I Want": The Entitlement Lifetrap<br/>17. A Philosophy of Change<br/>References<br/>Index |
| 520 ## - RESUMEN, ETC. | |
| Sumario, etc. | Unsatisfactory relationships, irrational lack of self-esteem, feeling of being unfulfilled - these are all the problems that can be solved by changing the types of messages that people internalize. These self-defeating behavior patterns are called "lifetraps", and Reinventing Your Life shows how to stop the cycle that keeps you from attaining happiness. |
| 700 1# - ENTRADA AGREGADA--NOMBRE PERSONAL | |
| Nombre de persona | Klosko, Janet S., |
| 9 (RLIN) | 48230 |
| 942 ## - ELEMENTOS DE ENTRADA SECUNDARIOS (KOHA) | |
| Fuente del sistema de clasificación o colocación | Clasificación de Library of Congress |
| Tipo de ítem Koha | Libro |
| Suprimir en OPAC | No |
| 946 ## - PROCESAMIENTO DE INFORMACIÓN LOCAL (OCLC) | |
| Iniciales del agente catalogador | dpf |
| Estatus retirado | Estado de pérdida | Fuente del sistema de clasificación o colocación | Estado de daño | No para préstamo | Colección | Biblioteca de origen | Biblioteca actual | Ubicación en estantería | Fecha de adquisición | Signatura topográfica completa | Código de barras | Visto por última vez | Copia número | Tipo de ítem Koha |
|---|---|---|---|---|---|---|---|---|---|---|---|---|---|---|
| Clasificación de Library of Congress | Automatización y Procesos Técnicos | Biblioteca Juan Bosch | Biblioteca Juan Bosch | Automatización y Procesos Técnicos (1er. Piso) | 30/04/2026 | Y73r 1994 | 00000199061 | 30/04/2026 | 1 | Libro |
